| 000 | 00659cam a22002291 4500 | ||
|---|---|---|---|
| 001 | 32159 | ||
| 005 | 20230410101711.0 | ||
| 008 | 770504s1999 cn cha 000 0 fre | ||
| 020 | 0 | 0 | _a2980656003 |
| 041 | _afre | ||
| 050 | 1 | 4 |
_a110 ML 420 _bA555R 1999 |
| 100 | 1 | _aRubrini, Nathalie | |
| 245 | 1 | 0 |
_aJoe Trouillot : _bd'hier á aujour'hui _cNathalie Rubrini. |
| 260 |
_aPort-au-Prince : _bEditions Caraibes, _c1999. |
||
| 300 |
_a192 p. _bill. |
||
| 600 | 1 | 0 |
_aAndre, joseph, _d1934-1998. |
| 650 | 0 |
_aSingers _zHaiti _vBiography. |
|
| 650 | 0 |
_aMusicians _zHaiti _vBiography. |
|
| 650 | 4 | _aCEH | |
| 650 | 4 | _aColección Estudios Haitianos | |
| 942 |
_2lcc _cbk |
||
| 999 |
_c12316 _d12316 |
||